Die drittgrößte Stadt in deutschen Bundesländern - Statistiken

Allgemein
  • Dieses Quiz wurde 182 mal gespielt
  • Das Durchschnittsergebnis liegt bei 11 aus 13
Antwortstatistiken
Bundesland Stadt % Korrekt
Bayern Augsburg
96%
Nordrhein-Westfalen Dortmund
96%
Sachsen Chemnitz
93%
Baden-Württemberg Karlsruhe
93%
Hessen Kassel
93%
Schleswig-Holstein Flensburg
92%
Thüringen Gera
89%
Rheinland-Pfalz Koblenz
87%
Niedersachsen Oldenburg (Oldb)
87%
Brandenburg Brandenburg an der Havel
80%
Mecklenburg-Vorpommern Neubrandenburg
79%
Sachsen-Anhalt Dessau-Roßlau
78%
Saarland Homburg
71%
Keine übereinstimmenden Quizze gefunden
Verteilung der Resultate
Anzahl Personen mit jedem Resultat
Perzentil nach korrekt beantworteten Fragen
Ihre Resultats-Entwicklung
Sie haben dieses Quiz noch nicht gespielt